Дело по письму господина президента Российской академии о помещенной в журнале "Сын отечества" оскорбительной критике на изданну...

Доступно только в Электронных читальных залах Найти на картеНа карте
RUSMARC
00003778nmc2a22000003x 450
001997bb16f-e6bb-407b-b126-93b82c54be53
00520180119115512.0
100##$a20151214l18191819k l0rusy0189 ca
1010#$arus
102##$aRU
2001#$aДело по письму господина президента Российской академии о помещенной в журнале "Сын отечества" оскорбительной критике на изданную академией "Российскую грамматику"
$j30 августа - 31 октября 1819 г.
251##$cДело
300##$aДело
801#0$aRU
$bРГИА
$c20151214
$gRCR
801#1$aRU
$bГлавНИВЦ
$c20151214
$2rusmarc
801#2$aRU
$bПБ им. Б.Н. Ельцина
$c20180119
$gRCR
$2rusmarc
850##$aРГИА
852##$aРГИА
$eФедеральное казенное учреждение "Российский государственный исторический архив" (РГИА)
$j448
937##$hРГИА
$d12187119
$aASBIBLIO_SCAN
462#0$1001a72b6b5a-b506-4d67-873a-f622b4f5e56d
$12001
$aДела Департамента народного просвещения по цензурной части
$1251
$cОпись
$1852
$j118
461#0$1001a74412a3-3cc5-4d21-8f0a-dfe2fbd9e72d
$12001
$aДепартамент народного просвещения Министерства народного просвещения (1803-1917)
$1251
$cФонд
$1852
$j733
215##$a17 л.
$d36,5х26 см
371##$aДокумент не является опубликованным и широко распространяемым
105##$ay###
1222#$ad
035##$a997bb16f-e6bb-407b-b126-93b82c54be53
856##$uhttp://readingroom.main.prlib.ru/item.aspx?id_node=n112542996&mode=full
Формат отображения